| 000 | 01070nam a2200229Ia 4500 | ||
|---|---|---|---|
| 001 | 1409 | ||
| 005 | 20260410144856.0 | ||
| 008 | 260306t2007||||xx |||||||||||||| ||spa|| | ||
| 041 | _aESP | ||
| 082 |
_a150 _bM19 |
||
| 100 |
_aMalo Pé, Antonio _eAUT |
||
| 245 | 0 | _aIntroducción a la psicología | |
| 260 | _c2007 | ||
| 300 |
_a166 páginas : _c24 cm. |
||
| 650 | _aGEN | ||
| 654 | _aCPS | ||
| 856 |
_uhttps://itmsp.museknowledge.com/UCSP?url=https://www.ebooks7-24.com:443/?il=11947&pg=1 _zVéase además: Introducción a la psicología, por Fernando Zepeda Herrera. Versión digital |
||
| 856 |
_uhttps://0u213vxii-y-https-ebooks7--24-com.itmsp.museknowledge.com/biblioteca.aspx _zVéase además: Base de datos Ebook7-24 |
||
| 856 |
_uhttps://0u20fvxio-y-https-research-ebsco-com.itmsp.museknowledge.com/c/qxo6us/search _zVéase además: Base de datos EBSCOhost |
||
| 856 |
_uhttps://0u20vvxdg-y-https-ebookcentral-proquest-com.itmsp.museknowledge.com/lib/catolicasp/home.action _zVéase además: Base de datos ProQuest Ebook Central |
||
| 942 |
_cLIB _dJUS _fJUS _2ddc |
||
| 999 |
_c1409 _d1409 |
||